Statistics for Cleveland Cavaliers 2010's Starters

Click here to take the quiz!

General Stats

  • This quiz has been taken 714 times
    (645 since last reset)
  • The average score is 9 of 25

Answer Stats

PlayerStarts% Correct
LeBron James5
100%
Kevin Love4
98%
Kyrie Irving6
98%
J.R. Smith4
90%
Tristan Thompson4
90%
Collin Sexton1
72%
Mo Williams2
54%
Cedi Osman1
44%
Timofey Mozgov2
43%
Dion Waiters1
30%
Larry Nance Jr.1
30%
Shaquille O'Neal1
30%
Antawn Jamison2
20%
Jae Crowder1
20%
Jarrett Jack1
14%
Rodney Hood1
14%
Alonzo Gee2
11%
Jose Calderon1
10%
Anthony Parker3
9%
J.J. Hickson2
8%
C.J. Miles1
7%
Tyler Zeller1
7%
Luol Deng1
5%
Omri Casspi1
4%
Ramon Sessions1
3%

Score Distribution

Percentile by Number Answered

Percent of People with Each Score

Your Score History

You have not taken this quiz since the last reset